| 000 | 00820 a2200265 4500 | ||
|---|---|---|---|
| 003 | Nust | ||
| 005 | 20170207164714.0 | ||
| 010 | _a 2006040208 | ||
| 020 | _a1-58488-651-X | ||
| 020 | _a978-1-58488-651-8 | ||
| 035 | _a(OCoLC)ocm64084881 | ||
| 040 | _cNust | ||
| 082 | 0 | 0 | _a519.2 |
| 100 | 1 | _aLawler, Gregory F., | |
| 245 | 1 | 0 |
_aIntroduction to stochastic processes /(E BOOK) _cGregory F. Lawler. |
| 250 | _a2nd ed. | ||
| 260 |
_aBoca Raton, Fla. : _bChapman & Hall/CRC, _c2006. |
||
| 300 |
_axiii, 234 p. : _bill. ; _c25 cm. |
||
| 500 | _aE Book | ||
| 650 | 0 | _aProbability theory and stochastic processes | |
| 650 | 0 | _aStochastic processes | |
| 650 | 0 | _aStochastic processes. | |
| 650 | 0 | _aStokastiska processer | |
| 856 | 4 | 2 |
_3Publisher description _uhttp://www.loc.gov/catdir/enhancements/fy0654/2006040208-d.html |
| 942 |
_2ddc _cBK |
||
| 999 |
_c209694 _d209694 |
||